000 00836cam a22002413a 4500
001 7096
003 PGUSA
005 20140828083140.0
008 041201s2004||||xxu|||||s|||||000 | eng d
040 _aPGUSA
_beng
042 _adc
050 4 _aPJ
100 1 _aBudge, E. A. Wallis,
_cSir
_q(Ernest Alfred Wallis),
_d1857-1934
245 1 4 _aThe Babylonian Story of the Deluge as Told by Assyrian Tablets from Nineveh :
_bThe Discovery of the Tablets at Nineveh by Layard, Rassam and Smith
_h[electronic resource] /
_cE. A. Wallis, Budge
260 _bProject Gutenberg,
_c2004
506 _aPublic domain in the USA.
516 _aElectronic text
653 _aLibraries -- Iraq -- Nineveh (Extinct city)
653 _aDeluge
830 0 _aProject Gutenberg
_v7096
856 4 0 _uhttp://www.gutenberg.org/ebooks/7096
942 _cEB
999 _c236416
_d236416